00677cam a22002411 4500001001300000003000400013005001700017008004100034010001700075025001900092035002000111040002400131042001200155050002100167100003100188245006300219250002600282260005000308300001900358500001600377600002500393999001700418sa 63001726 DLC20260227111929.0890619s1962 ii 000 0 pano  asa 63001726  aPL480:I-Pu-150 a(OCoLC)19890269 aDLCcWaUdNSyUdDLC apremarc00aPK2659.S587bZ851 aSiṅgala, Dharama Pāla.10aSujāna Siṅgha-ika adhiaina,cDharama Pāla Siṅgala. a[Prathama av̄ritī] aLudhiāṇa,bLāhaura Buka Shāpac[1962] a182 p.c19 cm. aIn Panjabi.10aSingh, Sujan,d1909- c54099d54099